Statistiques concernant Top 15 des pays avec les décès de Covid-19 - 27 octobre 2021

Cliquez ici pour prendre le quiz!

Statistiques générales

  • Ce quiz a été pris 20 fois
  • Le résultat moyen est 12 sur 25

Statistiques - réponses

pays% Correct
Etats-Unis
100%
France
100%
Russie
100%
Brésil
94%
Italie
88%
Mexique
88%
Inde
82%
Allemagne
76%
Argentine
76%
Royaume-Uni
76%
Indonésie
53%
Pérou
53%
Colombie
47%
Iran
41%
Afrique du Sud
29%
Hongrie
24%
Bulgarie
18%
Paraguay
18%
Roumanie
18%
Slovénie
12%
Tchèquie
12%
Bosnie-Herzégovine
6%
Géorgie
6%
Slovaquie
6%
Macédoine du Nord
0%

Distribution des résultats

Percentile par nombre de réponses

% des personnes avec chaque résultat

Votre développement - résultats

Vous n’avez pas pris ce quiz